000 00490nam a22001697a 4500
003 MACL
005 20160607170648.0
008 160607b xxu||||| |||| 00| 0 eng d
040 _cMACL
041 _aHindi
082 _a920
100 _aकैफी, शौकत
_962897
245 _aयाद की रहगुजर
_cशौकत कैफी
260 _aपटना
_bराजकमल प्रकाशन
_c2006
650 _aAutobiography
_962899
942 _2ddc
_cHIN
999 _c54237
_d54237